00401nam a2200133Ia 4500008004100000100002200041245004800063260003200111300000800143490001100151942000700162999001500169952008300184201216s9999 xx 000 0 und d aCarlisle, Richard 0a(The) Illustrated Encyclopaedia of Mankind  aNew YorkbMarshal Cavendish a387 vVol. 3 cBK c6548d6548 00104070aCLd2020-12-16o306.0321 C283pPM01597r2020-12-16w2020-12-16yBK